'The Flintstones' Theme Quiz Stats

 Plays Quiz Updated Sep 17, 2018

Score 0/59 Timer 04:00
14 Plays Today
% Correct
the
97.8%
the
97.8%
the
97.8%
the
97.8%
the
97.8%
the
97.8%
the
97.8%
Flintstones.
95.7%
Flintstones.
95.7%
Flintstones,
95.7%
a
92.9%
a
92.9%
A
92.9%
a
92.9%
Meet
91.4%
family.
90%
family
90%
Bedrock,
83.5%
of
83.4%
of
83.4%
of
83.4%
They're
82.7%
they're
82.5%
Stone
80.1%
Age
79.7%
town
79.5%
modern
78%
From
77.1%
history.
74.8%
time.
73.3%
% Correct
time.
73.3%
time.
73.3%
old
69.8%
have
69.5%
have
69.5%
out
67.7%
yabba
67.5%
doo
67.1%
doo
67.1%
gay
67.1%
dabba
67%
dabba
67%
right
66.4%
with
58.1%
with
58.1%
you'll
57.6%
You'll
57.6%
When
54.2%
down
52.4%
page
50.4%
street,
50.4%
you're
48.9%
feet.
36.9%
Let's
36.5%
two
34.5%
Fred's
33.6%
ride
32.6%
courtesy
31.6%
through
29.1%

You're not logged in!

Compare scores with friends on all Sporcle quizzes.
OR
Log In

Sporcle TV

Today on Sporcle TV


Watch our educational content, quiz creation guides, and fun videos on Sporcle TV.

Show Comments

Extras

Top Quizzes Today


Score Distribution

Your Account Isn't Verified!

In order to create a playlist on Sporcle, you need to verify the email address you used during registration. Go to your Sporcle Settings to finish the process.

Report this User

Report this user for behavior that violates our Community Guidelines.

Details: